000 00598nam a2200229 i 4500
001 C2-0128115
003 PPAK
005 20180727120535.0
008 970921s1985 enka|||| ||||| | eng d
020 _a0850785030
040 _aPPAK
_beng
_cPPAK
_erda
082 0 4 _a576.52
_223
090 0 0 _a576.52
_bMCK
_dK
100 1 _aMcKenzie, Sarah,
_eauthor
245 1 0 _aIn the pond
264 1 _aHove :
_bWayland ,
_c1985
300 _a25 pages :
_bcolour illustrations ;
_c20 cm
336 _2rdacontent
_atext
337 _2rdamedia
_aunmediated
338 _2rdacarrier
_avolume
942 _ddc
_cB
999 _c38553
_d38553